000 01714cam a22004334i 4500
003 PE-LiUPU
005 20250731172929.0
008 s1970 |r 000 0 eng d
020 _a0310267978
035 _a(Sirsi) a204228
040 _aPE-LiUPU
_bspa
_cPE-LiUPU
_erda
049 _aPRUA
082 0 4 _a223.2
_bK38
_221
100 1 _akeller, Phillip,
_eautor.
245 1 2 _aA shepherd looks at Psalm 23 /
_cPhillip keller.
264 1 _aMichigan :
_bZondervan,
_c1970.
300 _a142 páginas ;
_c20 centímetros.
336 _atext
_2rdacontent
337 _aunmediated
_2rdamedia
338 _avolume
_2rdacarrier
505 2 _aThe lord is my shepherd -- I shall not want -- He makth me to lie down in green pastures -- He leadeth me beside the still waters -- He restoreth my soul -- He leadeth me in the paths of righteousness for his name's sake -- Yea, though i walk through the valley -- Thy rod and thy staff they comfort me -- Thou preparest a table defore me -- Thou anointest my head with oil -- Surely goodness and mercy shall follow me -- I will dwall in the house of the lord for ever.
526 _aSEG42
526 _aSEG41
526 _aSEG40
526 _aSEG39
526 _aP94
526 _aP87
526 _aP86
526 _aP85
526 _aP77
526 _aP76
526 _aP35
650 0 4 _aSalmos 23
942 _2ddc
_cBOOK
994 _aC0
_bPEPRU
596 _a1
999 _a223.2 K38
_wLC
_c20600
_i76052
_f2021-11-11
_g4
_lCCODEBUL1
_mBUL
_p10.00
_r0
_sY
_tBOOK
_u2017-6-1
_xTEOLOGIA
_PP85
_0DONACION
_o.STAFF. Colección Teología
_d20600
980 _81
_gALBERTO SANCHEZ Responsable de Automatización